Diet of the red howler monkey (<Alouatta seniculus>) in French Guiana (Registro nro. 10218)

Detalles MARC
000 -CABECERA
Campo de control 006220000a22001930004500
090 ## - CLASIFICACIÓN LOCAL
Colección AR
Consecutivo 01132
041 0# - IDIOMA
Código de idioma para texto/pista de sonido o título separado
100 1# - ASIENTO PRINCIPAL--NOMBRE PERSONAL
Nombre personal Julliot, C.
245 10 - MENCION DE TITULO
Título Diet of the red howler monkey (<Alouatta seniculus>) in French Guiana
650 14 - ASIENTO SECUNDARIO DE MATERIA - TERMINO TEMATICO
Término temático o nombre geográfico como elemento de entrada Hábitos alimentarios
650 14 - ASIENTO SECUNDARIO DE MATERIA - TERMINO TEMATICO
Término temático o nombre geográfico como elemento de entrada Fisiología animal
650 14 - ASIENTO SECUNDARIO DE MATERIA - TERMINO TEMATICO
Término temático o nombre geográfico como elemento de entrada Etología
650 14 - ASIENTO SECUNDARIO DE MATERIA - TERMINO TEMATICO
Término temático o nombre geográfico como elemento de entrada Evolución
651 #4 - ASIENTO SECUNDARIO DE MATERIA - NOMBRE GEOGRAFICO
-- Guiana Francesa
653 ## - TERMINO DE INDIZACION - NO CONTROLADO
-- Alouatta
-- Alouatta seniculus
-- mono aullador rojo
700 1# - ASIENTO SECUNDARIO - NOMBRE PERSONAL
Nombre personal Sabatier, D.
773 1# - Item fuente:
Título International Journal of Primatology
Especificación de materiales 162
Descripción física 4
Paginas del Articulo 527-551
Lugar, editorial y fecha de publicación 1993
Información sobre la relación 14
942 ## - ELEMENTOS ADICIONALES (KOHA)
Tipo de ítem Artículo
Existencias
Withdrawn status Lost status Damaged status No para préstamo Colección Ubicación Permanente Ubicación actual Fecha de adquisición Datos de publicación Seriada Total Checkouts Número topográfico Inventario / Código de Barras Date last seen Ejemplar Price effective from Forma de adquisición Tipo de material
      No para Préstamo Hemeroteca Bogotá Bogotá 27/02/2015 Fuera de circulación   AR 01132 011450 25/03/2015 1 25/03/2015   Artículo